书目信息 |
| 题名: |
现代侦察监视技术
|
|
| 作者: | 曾华锋 编著 | |
| 分册: | ||
| 出版信息: | 北京 国防工业出版社 1999.05 |
|
| 页数: | 229页 | |
| 开本: | 32开 | |
| 丛书名: | ||
| 单 册: | ||
| 中图分类: | E933 | |
| 科图分类: | ||
| 主题词: | 军事技术 | |
| 电子资源: | ||
| ISBN: | 7-118-02089-3 | |
| 000 | 00563nam0 2200193 45 | |
| 001 | 0104120932 | |
| 005 | 20010412092121.4 | |
| 010 | @a7-118-02089-3@d12.00元 | |
| 100 | @a20010412d1999 km y0chiy0120 ea | |
| 101 | 0 | @achi |
| 105 | @a z 000yy | |
| 200 | 1 | @a现代侦察监视技术@AXian Dai Zhen Cha Jian Shi Ji Shu@f曾华锋等编著@FCeng Hua Feng Deng Bian Zhu |
| 210 | @a北京@c国防工业出版社@d1999.05 | |
| 215 | @a229页@d32开 | |
| 606 | 0 | @a军事技术 |
| 690 | @aE933@v3 | |
| 701 | 0 | @a曾华锋@4编著 |
| 801 | @aCN@bPftUser@c20010412 | |
| 905 | @b337286-287@dE933@eZ242@f2 | |
| 现代侦察监视技术/曾华锋等编著.-北京:国防工业出版社,1999.05 |
| 229页;32开 |
| ISBN 7-118-02089-3:12.00元 |
| ● |
| 相关链接 |
|
|
|
正题名:现代侦察监视技术
索取号:E933/Z242
 
预约/预借
| 序号 | 登录号 | 条形码 | 馆藏地/架位号 | 状态 | 备注 |
| 1 | 337286 | 203372867 | 社科库509/509社科库 128排1列3层/ [索取号:E933/Z242] | 在馆 | |
| 2 | 337287 | 203372876 | 社科库509/509社科库 128排1列3层/ [索取号:E933/Z242] | 在馆 |